[Event "ASEAN Masters Circuit GMA"]
[Site "Tarakan INA"]
[Date "2008.01.11"]
[Round "4"]
[White "Torre,E"]
[Black "So,W"]
[Result "1/2-1/2"]
[WhiteElo "2519"]
[BlackElo "2526"]

1.e4 c5 2.Nf3 Nc6 3.Bb5 d6 4.O-O Bd7 5.Re1 a6 6.Bxc6 Bxc6 7.d4 cxd4 8.Nxd4 Nf6
9.Nxc6 bxc6 10.c4 g6 11.Nc3 Bg7 12.Bf4 Nd7 13.Qd2 Qa5 14.Rac1 O-O 15.Bh6 Bxh6
16.Qxh6 Ne5 17.b3 f5 18.exf5 Rxf5 19.Qh3 Raf8 20.Re2 Rh5 21.Qe3 Rf7 22.h3 g5
23.Ne4 Ng6 24.c5 d5 25.Ng3 Rh4 26.Qxg5 Rhf4 27.Nh5 R4f5 28.Qg4 Rxf2 29.Rxf2 Rxf2
30.Qe6+ Kf8 31.Kxf2 Qd2+ 32.Kg3 Qxc1 33.Qf5+ Kg8 34.Qe6+ Kf8 35.Qf5+  1/2-1/2

[Event "XXXIII Open"]
[Site "Sevilla ESP"]
[Date "2008.01.12"]
[Round "9"]
[White "Lopez Martinez,Josep"]
[Black "Escobar Forero,A"]
[Result "1-0"]
[WhiteElo "2550"]
[BlackElo "2461"]

1.e4 c5 2.Nf3 Nc6 3.Bb5 d6 4.Bxc6+ bxc6 5.O-O Bg4 6.h3 Bh5 7.c3 Nf6 8.Re1 e5
9.d4 Nd7 10.Nbd2 Be7 11.dxe5 dxe5 12.Nf1 O-O 13.Ng3 Bg6 14.Nf5 Re8 15.Nd2 Bf8
16.Nc4 Qc7 17.Qg4 Rad8 18.h4 Kh8 19.Qf3 f6 20.Nce3 Bf7 21.Qe2 Nb6 22.h5 c4
23.g3 Be6 24.Kg2 Qf7 25.Nh4 Na4 26.Nef5 Nc5 27.Qg4 Nd3 28.Re2 Bxf5 29.Qxf5 Rb8
30.Rb1 Bc5 31.Qf3 Bxf2 32.Bg5 Rb7 33.Bd2 Bc5 34.b3 a5 35.Rf1 Rf8 36.bxc4 Rd7
37.Qg4 Rfd8 38.Bg5 Qxc4 39.Rxf6 Nf4+ 40.gxf4 Qxe2+ 41.Qxe2 Rd2 42.Kf1  1-0

[Event "ch-VEN"]
[Site "San Felipe VEN"]
[Date "2008.01.13"]
[Round "2"]
[White "Chavez Lazo,J"]
[Black "Trujillo Villega,P"]
[Result "0-1"]
[WhiteElo "2192"]
[BlackElo "2223"]

1.e4 c5 2.Nf3 Nc6 3.Bb5 g6 4.O-O Bg7 5.d3 d6 6.Bxc6+ bxc6 7.Nbd2 e5 8.Nc4 Nf6
9.Bd2 O-O 10.Qc1 Be6 11.Re1 Nh5 12.Ng5 Bc8 13.Nf3 Bg4 14.Ba5 Qd7 15.Nfd2 Nf4
16.f3 Be6 17.Nf1 f5 18.Bd2 fxe4 19.fxe4 Bxc4 20.dxc4 Qg4 21.Ng3 Rf7 22.Be3 Raf8
23.Qd1 Qe6 24.b3 h5 25.Qd2 h4 26.Ne2 Nxg2 27.Kxg2 Qg4+ 28.Ng3 hxg3 29.hxg3 Rf3  0-1

[Event "6th Parsvnath Open"]
[Site "New Delhi IND"]
[Date "2008.01.14"]
[Round "3"]
[White "Rathnakaran,K"]
[Black "Madjidov,J"]
[Result "1/2-1/2"]
[WhiteElo "2437"]
[BlackElo "2249"]

1.e4 c5 2.Nf3 Nc6 3.Bb5 g6 4.O-O Bg7 5.Re1 e5 6.c3 Nge7 7.d3 O-O 8.Be3 d6
9.a4 h6 10.Na3 f5 11.exf5 gxf5 12.h3 f4 13.Bd2 d5 14.a5 a6 15.Ba4 Bf5 16.Bc2 Ng6
17.b4 cxb4 18.cxb4 e4 19.dxe4 dxe4 20.Rxe4 Bxe4 21.Bxe4 Nge5 22.Ra2 Kh8 23.Bb1 Qe7
24.Nxe5 Bxe5 25.Nc4 Bd4 26.Qf3 Rf7 27.Qh5 Rf6 28.Nb6 Rg8 29.Nd5 Qg7 30.Qf3 Ne5
31.Qe4 f3 32.g4 Nxg4 33.hxg4 Qxg4+ 34.Qxg4 Rxg4+ 35.Kf1 Rh4 36.Kg1 Rf7 37.Nf4 Rg7+
38.Ng6+ Rxg6+ 39.Bxg6 Rg4+ 40.Kf1 Rxg6 41.Ra3 Rf6  1/2-1/2

[Event "Open A"]
[Site "Prague CZE"]
[Date "2008.01.15"]
[Round "5"]
[White "Fiser,J"]
[Black "Horak,K2"]
[Result "1/2-1/2"]
[WhiteElo "2130"]
[BlackElo "1979"]

1.e4 c5 2.Nf3 Nc6 3.Bb5 d6 4.O-O Bd7 5.c3 Nf6 6.Re1 g6 7.d4 cxd4 8.cxd4 Bg7
9.h3 Qb6 10.Nc3 O-O 11.Be3 Nxe4 12.Bxc6 Nxc3 13.bxc3 Qxc6 14.Qd2 Rac8 15.Rac1 Qd5
16.Bg5 e6 17.Bh6 Bb5 18.Bxg7 Kxg7 19.Ng5 Bc4 20.Qf4 Qf5 21.Qh4 h6 22.Ne4 Rc6
23.Qe7 d5 24.Ng3 Qf4 25.Qxb7 Qc7  1/2-1/2

[Event "Open A"]
[Site "Prague CZE"]
[Date "2008.01.16"]
[Round "7"]
[White "Jackova,J"]
[Black "Sveshnikov,E"]
[Result "0-1"]
[WhiteElo "2375"]
[BlackElo "2506"]

1.e4 c5 2.Nf3 Nc6 3.Bb5 e6 4.Bxc6 bxc6 5.d3 Ne7 6.Qe2 Qc7 7.Nh4 Ng6 8.Nxg6 hxg6
9.e5 f6 10.f4 d6 11.Nd2 g5 12.fxg5 dxe5 13.gxf6 gxf6 14.Ne4 f5 15.Nf6+ Kf7
16.Nh5 c4 17.Bd2 cxd3 18.cxd3 Ba6 19.O-O-O e4 20.Bc3 Bxd3 21.Rxd3 exd3 22.Qf3 Qd6
23.Rd1 Qd5 24.Qh3 d2+ 25.Kb1 Qe4+ 26.Ka1 Qc2  0-1

[Event "ch-VEN"]
[Site "San Felipe VEN"]
[Date "2008.01.16"]
[Round "7"]
[White "Duran,R"]
[Black "Alvarez,Joh"]
[Result "0-1"]
[WhiteElo "2050"]
[BlackElo "2385"]

1.e4 c5 2.Nf3 Nc6 3.Bb5 e6 4.O-O Nge7 5.b3 a6 6.Bxc6 Nxc6 7.Bb2 d6 8.c4 e5
9.h3 g6 10.Ne1 Bh6 11.Nc3 O-O 12.Nc2 f5 13.d3 f4 14.f3 Bg5 15.Kf2 Bh4+ 16.Ke2 Qg5
17.Rg1 b5 18.Qf1 Be6 19.Bc1 Nd4+ 20.Kd1 Qd8 21.Bd2 Qd7 22.Be1 Bd8 23.Rh1 Ba5
24.Nd5 Bxe1 25.Qxe1 Bxd5 26.exd5 Nf5 27.Qf2 a5 28.Kd2 a4 29.Rhb1 Rfb8 30.Qe1 Qd8
31.Ke2 Rb7 32.Kf1 h5 33.cxb5 a3 34.Qc1 Qg5 35.Qd2 Rxb5 36.b4 cxb4 37.Rxb4 Rxd5
38.Rab1 Rc8 39.Rb8 Rxb8 40.Rxb8+ Kg7 41.Rb3 Rc5 42.Ne1 Ne3+ 43.Kg1 Qd8 44.Rxa3 Qc7
45.Ra8 Rc1 46.Kf2 Qc5 47.Ra5 Rd1  0-1

[Event "6th Parsvnath Open"]
[Site "New Delhi IND"]
[Date "2008.01.17"]
[Round "7"]
[White "Dzhumaev,M"]
[Black "Ghaem Maghami,E"]
[Result "1-0"]
[WhiteElo "2527"]
[BlackElo "2589"]

1.e4 c5 2.Nf3 Nc6 3.Bb5 d6 4.O-O Bd7 5.a4 g6 6.c3 Nf6 7.d4 Nxe4 8.Re1 Nf6
9.Bf4 a6 10.Na3 axb5 11.Nxb5 Be6 12.Ng5 Bg7 13.Rxe6 O-O 14.Re1 cxd4 15.cxd4 Nd5
16.Bg3 Qd7 17.Qb3 Nc7 18.d5 Na5 19.Qb4 Nxd5 20.Qe4 Qf5 21.Qxf5 gxf5 22.Rad1 Nb6
23.Nf3 Nc6 24.b3 Bf6 25.Bh4 Kg7 26.Re3 Rfd8 27.Nfd4 f4 28.Rh3 Nxd4 29.Bxf6+ Kxf6
30.Rxd4 e5 31.Rxd6+ Rxd6 32.Rh6+ Ke7 33.Nxd6 Rd8 34.Nf5+ Ke8 35.h4 Nc8 36.Rxh7 Rd1+
37.Kh2 Nd6 38.Nxd6+ Rxd6 39.Rh5 Re6 40.f3 Kf8 41.Kh3 f6 42.Rh7 f5 43.Rxb7 e4
44.fxe4 fxe4 45.Rc7 e3 46.Rc1 Rg6 47.a5 Rg3+ 48.Kh2 Rg4 49.a6 Rxh4+ 50.Kg1  1-0

[Event "115th ch-NZL"]
[Site "Auckland NZL"]
[Date "2008.01.18"]
[Round "5"]
[White "Smith,Ro"]
[Black "Steadman,M"]
[Result "0-1"]
[WhiteElo "2333"]
[BlackElo "2238"]

1.e4 c5 2.Nf3 Nc6 3.Bb5 g6 4.O-O Bg7 5.Bxc6 bxc6 6.Re1 e5 7.b4 cxb4 8.a3 bxa3
9.Nxa3 d6 10.c3 Ne7 11.d4 exd4 12.Nxd4 O-O 13.Bg5 Bb7 14.Nc4 Qc7 15.Qb3 Rfb8
16.Qa3 Nc8 17.Rad1 Bf8 18.Qc1 Nb6 19.Na5 Nd7 20.Qa1 Bg7 21.f4 h6 22.Bh4 Re8
23.Rb1 Rab8 24.Nf3 Ba8 25.Rbd1 Nc5 26.e5 d5 27.c4 Ne6 28.Bg3 Bf8 29.cxd5 cxd5
30.Re2 Bc5+ 31.Kh1 Rb5 32.Ra2 Reb8 33.Rc1 Qb6 34.Ra4 Rb1 35.Rxb1 Qxb1+ 36.Ne1 Qxa1
37.Rxa1 Rb5 38.Nd3 Bd4  0-1

[Event "6th Parsvnath Open"]
[Site "New Delhi IND"]
[Date "2008.01.18"]
[Round "8"]
[White "Dzhumaev,M"]
[Black "Ganguly,S"]
[Result "0-1"]
[WhiteElo "2527"]
[BlackElo "2579"]

1.e4 c5 2.Nf3 Nc6 3.Bb5 Nf6 4.e5 Nd5 5.Nc3 Nc7 6.a4 g6 7.d3 Ne6 8.O-O Bg7
9.Re1 b6 10.Bg5 Bb7 11.Qd2 Ncd4 12.Nxd4 cxd4 13.Ne4 Bxe5 14.f4 Bb8 15.a5 a6
16.Ba4 h6 17.Bh4 Bxf4 18.Qb4 g5 19.Bf2 b5 20.Bb3 Qc7 21.Bxd4 Nxd4 22.Nf6+ Kd8
23.Qxd4 Bxh2+ 24.Kh1 Qd6 25.Nd5 Re8 26.Re2 Bg3 27.Rf1 f6 28.Qe4 e6 29.c4 Rf8
30.Qd4 exd5 31.c5 Be5 32.Qe3 d4 33.Qh3 Qxc5 34.Rc2 Qd6 35.Qxh6 Bc6 36.Qg7 Kc7
37.Rfc1 Rh8+  0-1

[Event "6th Parsvnath Open"]
[Site "New Delhi IND"]
[Date "2008.01.18"]
[Round "8"]
[White "Stany,G"]
[Black "Abhishek,D"]
[Result "1-0"]
[WhiteElo "2155"]
[BlackElo "2337"]

1.e4 c5 2.Nf3 Nc6 3.Bb5 g6 4.Bxc6 dxc6 5.d3 Bg7 6.h3 Nf6 7.Nc3 O-O 8.Be3 b6
9.Qd2 e5 10.Bh6 Qd6 11.O-O-O a5 12.Nh2 a4 13.Ng4 Nh5 14.Ne2 f6 15.Bxg7 Kxg7
16.Qh6+ Kg8 17.g3 Be6 18.Kb1 a3 19.b3 Qd7 20.Ne3 b5 21.Kc1 Bxh3 22.f4 Bg4
23.Nxg4 Qxg4 24.Kd2 c4 25.Rh4 Qf3 26.g4 cxd3 27.cxd3 Rad8 28.Ke1 exf4 29.gxh5 g5
30.Rh2 Rxd3 31.Rxd3 Qxd3 32.e5 Qf5 33.e6 Qxe6 34.Rg2 Qe5 35.Rf2 Qa1+ 36.Kd2 Rd8+  1-0

[Event "GMA1"]
[Site "Marianske Lazne CZE"]
[Date "2008.01.19"]
[Round "1"]
[White "Jansa,Vl"]
[Black "Hermansson,E"]
[Result "1-0"]
[WhiteElo "2486"]
[BlackElo "2472"]

1.e4 c5 2.Nf3 Nc6 3.Bb5 d6 4.O-O Bd7 5.Re1 Nf6 6.h3 g6 7.c3 Ne5 8.Bf1 Bg7
9.d4 Nxf3+ 10.Qxf3 e5 11.dxe5 dxe5 12.Na3 O-O 13.Bg5 h6 14.Bh4 Qe7 15.Nc4 g5
16.Bg3 g4 17.hxg4 Bxg4 18.Qe3 Nh5 19.Be2 Bxe2 20.Qxe2 Nxg3 21.fxg3 f5 22.Rad1 Rad8
23.exf5 Rxf5 24.Rxd8+ Qxd8 25.Rd1 Qg5 26.Nd6 Rf8 27.Ne4 Qg6 28.Rd7 Qc6 29.Qg4 Rf7
30.Rd6 Qc7 31.Rxh6 Qd8 32.Rd6 Qf8 33.Qd1 Bh6 34.Rd3 b5 35.Rf3 Kg7 36.Kf2 c4
37.Qd5 Rxf3+ 38.gxf3 Qb8 39.Qd7+ Kg6 40.Qe6+ Kh7 41.Qf7+ Kh8 42.Nf6  1-0

[Event "IMB1"]
[Site "Marianske Lazne CZE"]
[Date "2008.01.19"]
[Round "1"]
[White "Babula,M"]
[Black "Sveshnikov,V"]
[Result "0-1"]
[WhiteElo "2328"]
[BlackElo "2392"]

1.e4 c5 2.Nf3 Nc6 3.Bb5 e6 4.O-O Nge7 5.Re1 a6 6.Bf1 d5 7.Nc3 d4 8.Ne2 Ng6
9.d3 Bd6 10.g3 O-O 11.Bg2 e5 12.Rf1 f5 13.exf5 Bxf5 14.Nd2 Qd7 15.Ne4 Rae8
16.Bd2 Be7 17.a3 h6 18.Rb1 b5 19.Kh1 Rf7 20.Ng1 Ref8 21.Qe2 Bg4 22.Qe1 c4
23.h3 Be6 24.Kh2 Rc8 25.Qe2 a5 26.Qh5 Nf8 27.f4 Rf5 28.Qe2 exf4 29.Rxf4 Rxf4
30.Bxf4 cxd3 31.cxd3 b4 32.axb4 Nxb4 33.Rc1 Rxc1 34.Bxc1 Qb5 35.Bf1 Bd5 36.Nf3 Ne6
37.Bd2 Nc6 38.Be1 a4 39.Bf2 Kh8 40.Kg1 Qb3 41.Bg2 Qa2 42.Bf1 Qb1 43.Ne1 Bb4
44.Qc2 Qa2 45.Qc1 Bxe1 46.Bxe1 Bxe4 47.dxe4 Ne5 48.Kh1 Kh7 49.Bb4 Qb3 50.Be1 Nd3
51.Bxd3 Qxd3 52.Kg1 Ng5 53.e5 Nf3+ 54.Kg2 Nxe5 55.Qf4 Nc4 56.g4 Nxb2 57.Bd2 a3
58.Be1 Nd1  0-1

[Event "6th Parsvnath Open"]
[Site "New Delhi IND"]
[Date "2008.01.19"]
[Round "9"]
[White "Mishra,S"]
[Black "Saravanan,V1"]
[Result "1/2-1/2"]
[WhiteElo "2255"]
[BlackElo "2379"]

1.e4 c5 2.Nf3 Nc6 3.Bb5 d6 4.O-O Bd7 5.Re1 Nf6 6.c3 a6 7.Bf1 e5 8.h3 Be7
9.d4 Qc7 10.Na3 O-O 11.Nc2 Rfe8 12.Bg5 h6 13.Bxf6 Bxf6 14.dxc5 dxc5 15.Ne3 Be6
16.Bc4 Bxc4 17.Nxc4 g6 18.Ne3 Ne7 19.Qb3 Bg7 20.a4 Rad8 21.a5 Qc6 22.Nc4 Nc8
23.Nfd2 h5 24.Re2 Rd7 25.Ne3 Bh6 26.Nd5 Bxd2 27.Rxd2 Kg7 28.c4 Nd6 29.f3 f5
30.Re1 fxe4 31.fxe4 Rf7 32.Qc3 Qc8 33.b3 Qd8 34.Nb6 Re6 35.Qe3 Rc7 36.Red1 Qf8
37.Na4 Rf6 38.Nc3 Rc6 39.Rd5 Qe7 40.Na4 Rf4 41.Nxc5 Nf7 42.Nd3 Rff6 43.Qg3 Rce6
44.Nc5 Rd6 45.Nd3 Rxd5 46.cxd5 Qc7 47.b4 b6 48.Rc1 Qd8 49.axb6 Qxb6+ 50.Kh2 Qd4
51.Nc5 Qxb4 52.Ne6+ Kh6 53.Qe3+ Kh7 54.Rc7 Qd6 55.Rc6 Rxe6 56.Rxd6 Rxd6 57.Qc5 Kg7
58.Kg3 Rf6 59.Qc7 Rf4 60.Qc4 h4+ 61.Kh2 Rf6 62.Qc7 Rf4 63.Qc4 Rf6  1/2-1/2

[Event "ch-VEN"]
[Site "San Felipe VEN"]
[Date "2008.01.19"]
[Round "11"]
[White "Duran,R"]
[Black "Osorio,F"]
[Result "0-1"]
[WhiteElo "2050"]
[BlackElo "2126"]

1.e4 c5 2.Nf3 Nc6 3.Bb5 d6 4.O-O Bd7 5.Re1 a6 6.Bf1 Bg4 7.c3 Nf6 8.h3 Bh5
9.d3 e6 10.Be3 Be7 11.Nbd2 O-O 12.g4 Bg6 13.Nh2 Nd7 14.f4 f5 15.Bg2 Nb6 16.b4 cxb4
17.cxb4 d5 18.a3 fxe4 19.dxe4 d4 20.Bf2 Rxf4 21.Nhf3 Rf7 22.Bg3 Nd7 23.e5 Nb6
24.Ne4 Nc4 25.Bf2 Qf8 26.Qb3 b5 27.Re2 Rd8 28.Rd1 Rd5 29.Neg5 d3 30.Ra2 Rxf3
31.Nxf3 Be4 32.Ne1 Bxg2 33.Kxg2 N6xe5 34.Bg1 d2 35.Nf3 Rd3 36.Qxd3 Nxd3 37.Nxd2 Nf4+
38.Kh2 Ne2 39.Nxc4 Qf4+ 40.Kg2 Nc3 41.Rd4 Qc7 42.Rc2 Nd5 43.Bh2 Qb7 44.Na5 Ne3+
45.Kg1 Qb6 46.Rc8+ Kf7 47.Rf4+ Bf6 48.Rc6 Qd8 49.Rf3 Qd4 50.Bg3 Nxg4+ 51.Kg2 Qd2+
52.Bf2 Ne5 53.Rc7+ Kg6 54.Rg3+ Kf5 55.Rcc3 Bh4 56.Nb3 Qd5+ 57.Rcf3+ Nxf3
58.Rxf3+ Kg5 59.Be3+ Kh5 60.Nd4 Qa2+ 61.Kg1 Qxa3 62.Ne2 g5 63.Kg2 Qxb4  0-1

[Event "Open"]
[Site "Marianske Lazne CZE"]
[Date "2008.01.20"]
[Round "2"]
[White "Dergatchov,A"]
[Black "Volodin,V"]
[Result "0-1"]
[WhiteElo "2064"]
[BlackElo "2233"]

1.e4 c5 2.Nf3 Nc6 3.Bb5 g6 4.Bxc6 dxc6 5.h3 e5 6.Nc3 f6 7.d3 Nh6 8.Be3 Nf7
9.Qd2 Qe7 10.g4 Bd7 11.O-O-O O-O-O 12.Rdg1 Re8 13.h4 Nd8 14.Nh2 Ne6 15.Ne2 Nd4
16.Ng3 Be6 17.c3 Nb5 18.a4 Nc7 19.c4 Na6 20.Kb1 Nb4 21.Rc1 Qd7 22.Rc3 Bxg4
23.f3 Be6 24.Ne2 Rd8 25.Nc1 b6 26.f4 exf4 27.Bxf4 Bg7 28.Nf3 Rhe8 29.Bh2 Kb7
30.Qf4 a5 31.Nd2 f5 32.exf5 Bxf5 33.Rb3 Be5 34.Qf2 Bxh2 35.Qxh2 Qd6 36.Qg2 Re3
37.Ka1 Qg3 38.Rxb4 axb4 39.Rh2 Ra8 40.Nf3 Qxf3 41.Ka2 Rae8 42.Qg5 R8e7 43.Qh6 Qd1
44.a5 bxa5 45.Qf8 Bxd3 46.Nxd3 Qxd3  0-1

[Event "6th Parsvnath Open"]
[Site "New Delhi IND"]
[Date "2008.01.20"]
[Round "10"]
[White "Girinath,P"]
[Black "Rajesh,VA"]
[Result "0-1"]
[WhiteElo "2430"]
[BlackElo "2188"]

1.e4 c5 2.Nf3 Nc6 3.Bb5 a6 4.Bxc6 dxc6 5.h3 Nf6 6.d3 e6 7.a4 b5 8.O-O Be7
9.Nc3 Bb7 10.Qe2 O-O 11.Re1 Qc7 12.Bg5 e5 13.Nh2 Qd6 14.f4 Nd7 15.fxe5 Nxe5
16.Bf4 Qe6 17.Bxe5 Qxe5 18.Nf3 Qb8 19.e5 Bc8 20.Ne4 Be6 21.b3 c4 22.bxc4 bxc4
23.Rab1 cxd3 24.Qxd3 Qa7+ 25.Kh2 Rfd8 26.Qe2 Qc7 27.Neg5 Bf5 28.Qc4 Bg6 29.Kh1 Rd5
30.Ne4 a5 31.Rb3 Qd7 32.Kh2 Bh5 33.Ng3 Rc5 34.Qe2 Bxf3 35.Rxf3 Qe6 36.Nf5 Bf8
37.Nd4 Qc4 38.Qf2 Re8 39.e6 Bd6+ 40.Kh1 fxe6 41.Rf1 h6 42.Rf7 Rg5 43.Nb3 Qd5
44.Rf3 Rf5 45.Qe1 Rxf3 46.Rxf3 Bc7 47.Rd3 Qf5 48.Qe2 Qf4 49.g3 Qf5 50.Kg2 Rf8
51.c4 Qg6 52.Re3 e5 53.Re4 Qd6 54.Nd2 Qb4 55.Nf3 Rd8 56.h4 c5 57.Kh3 Qxa4
58.Nxe5 Qd1 59.Qxd1 Rxd1 60.Ng6 Bd6 61.Ne7+ Kf7 62.Nf5 Bf8 63.Rf4 Kg8 64.Re4 Rc1
65.Ne3 a4 66.Nd5 a3 67.Re2 Rxc4 68.Ra2 Rd4 69.Nc3 Rd3 70.Rc2 Re3 71.Kg2 Bd6
72.Kf2 Rxg3 73.Ne4 Rb3 74.Rc4 Bf8 75.Nc3 Rb4  0-1

[Event "ch-Kyiv Men"]
[Site "Kyiv UKR"]
[Date "2008.01.21"]
[Round "3"]
[White "Goncharov,O"]
[Black "Kruglyakov,P"]
[Result "0-1"]
[WhiteElo "2240"]
[BlackElo "2356"]

1.e4 c5 2.Nf3 Nc6 3.Bb5 e6 4.O-O Nge7 5.c3 a6 6.Ba4 b5 7.Bc2 d5 8.d4 cxd4
9.exd5 Nxd5 10.cxd4 Be7 11.Nc3 Bb7 12.a3 Nxc3 13.bxc3 Bf6 14.Qd3 Ne7 15.Nd2 Rc8
16.Bb2 Ng6 17.Ne4 Be7 18.f4 f5 19.Nd2 Kf7 20.Bb3 Bd5 21.c4 bxc4 22.Bxc4 a5
23.Ba6 Ra8 24.a4 Qb8 25.Bb5 Nxf4 26.Qb1 Bxg2 27.Nc4 Bd5  0-1

[Event "IM"]
[Site "Orsha BLR"]
[Date "2008.01.22"]
[Round "2"]
[White "Nozdrachev,V"]
[Black "Drugov,P"]
[Result "1/2-1/2"]
[WhiteElo "2328"]
[BlackElo "2406"]

1.e4 c5 2.Nf3 Nc6 3.Bb5 g6 4.Bxc6 dxc6 5.h3 Bg7 6.d3 Nf6 7.Nc3 O-O 8.e5 Nd5
9.Bd2 Nc7 10.Qc1 Ne6 11.Bh6 Nd4 12.Bxg7 Kxg7 13.Qd2 Qc7 14.O-O-O Nxf3 15.gxf3 Qxe5
16.Rde1 Qf5 17.h4 h5 18.f4 Qf6 19.Ne4 Qd4 20.Ng3 Bg4 21.Rxe7 Rfe8 22.Rxb7 Rab8
23.Rxb8 Rxb8 24.c4 Rd8 25.Kc2 Re8 26.Qc3 Re6 27.Qd2 Bf3 28.Rg1 Rf6 29.f5 Qxh4
30.Qe3 Qg4 31.fxg6 fxg6 32.Qxc5 Qf4 33.Re1 h4 34.Re7+ Rf7 35.Rxf7+ Kxf7 36.Qxa7+ Kf6
37.Nf1 Bg2 38.Qe3 Qxe3 39.Nxe3 h3 40.Ng4+ Kg5 41.Nh2 Kf4 42.d4 g5 43.a4 g4
44.a5 g3 45.fxg3+ Kxg3 46.a6 Kxh2 47.a7 Kg1 48.a8=Q h2 49.Qh8 h1=Q 50.Qxh1+ Bxh1
51.Kd3 Kf2 52.b4 Kg3 53.d5 cxd5 54.c5 d4 55.b5 Kf4 56.Kxd4 Kf5 57.c6 Ke6
58.Kc5 Ke7 59.Kb6 Kd6 60.Ka7 Bxc6  1/2-1/2

[Event "6th ch-PriFO Men"]
[Site "Kazan RUS"]
[Date "2008.01.23"]
[Round "1"]
[White "Yandemirov,V"]
[Black "Volodin,I"]
[Result "1-0"]
[WhiteElo "2461"]
[BlackElo "2180"]

1.e4 c5 2.Nf3 Nc6 3.Bb5 g6 4.O-O Bg7 5.c3 e5 6.d4 cxd4 7.cxd4 Nxd4 8.Nxd4 exd4
9.e5 Qb6 10.Na3 Bf8 11.Ba4 Bxa3 12.bxa3 Ne7 13.Bg5 Nd5 14.Qf3 Nc3 15.Bb3 O-O
16.Be7 Qc6 17.Qh3 h5 18.Bd6 b6 19.Qd3 Kg7 20.Bd1 Nxd1 21.Bxf8+ Kxf8 22.Rfxd1 Bb7
23.f3 Qd5 24.Qxd4 Qxd4+ 25.Rxd4 Ke7 26.Rc1  1-0

[Event "6th ch-PriFO Men"]
[Site "Kazan RUS"]
[Date "2008.01.23"]
[Round "1"]
[White "Rozkov,N"]
[Black "Matveeva,O"]
[Result "1-0"]
[WhiteElo "2456"]
[BlackElo "2175"]

1.e4 c5 2.Nf3 Nc6 3.Bb5 g6 4.O-O Bg7 5.c3 Nf6 6.Qa4 O-O 7.d4 cxd4 8.cxd4 d5
9.e5 Ne4 10.Bxc6 bxc6 11.Qxc6 Bg4 12.Nfd2 Rc8 13.Qa6 f6 14.Nxe4 dxe4 15.Qxa7 fxe5
16.d5 Rc7 17.Qa4 Be2 18.Re1 Rxc1 19.Rxc1 Qb6 20.Nc3 Qxf2+ 21.Kh1 Bh6 22.Rg1 Bd3
23.Nxe4 Qxb2 24.Rae1 Qb6 25.Qb3 Qd4 26.d6+ Bc4 27.Qh3 Kg7 28.dxe7 Re8 29.Qf3 Qb6
30.Qc3 Qe6 31.Nc5 Qf7 32.Qxe5+ Kg8 33.a4 Bf4 34.Qd4 Bc7 35.Nd7  1-0

[Event "6th ch-PriFO Men"]
[Site "Kazan RUS"]
[Date "2008.01.23"]
[Round "1"]
[White "Bakunin,D"]
[Black "Tumakov,D"]
[Result "1/2-1/2"]
[WhiteElo "1998"]
[BlackElo "2312"]

1.e4 c5 2.Nf3 Nc6 3.Bb5 g6 4.O-O Bg7 5.c3 Nf6 6.Re1 O-O 7.d4 Qb6 8.Na3 cxd4
9.cxd4 d5 10.e5 Ne4 11.h3 f6 12.Be3 Be6 13.Rc1 Rad8 14.Qa4 fxe5 15.Bxc6 bxc6
16.Rxc6 Bd7 17.Rxb6 Bxa4 18.Ra6 exd4 19.Bxd4 Bxd4 20.Nxd4 Bd7 21.f3 e5 22.Nb3 Ng5
23.Rxe5 Nxf3+ 24.gxf3 Rxf3 25.Rxd5 Rdf8 26.Rxd7 Rf1+ 27.Kg2 R1f2+  1/2-1/2

[Event "6th ch-PriFO Men"]
[Site "Kazan RUS"]
[Date "2008.01.23"]
[Round "1"]
[White "Novgorodskij,V"]
[Black "Naumov,F"]
[Result "1-0"]
[WhiteElo "2370"]
[BlackElo "2098"]

1.e4 c5 2.Nf3 Nc6 3.Bb5 g6 4.Bxc6 bxc6 5.O-O Bg7 6.Re1 Nf6 7.c3 O-O 8.h3 Qc7
9.d3 d6 10.Nbd2 e5 11.Nf1 Nd7 12.Ng3 Nb6 13.Bd2 f6 14.d4 Qe7 15.dxc5 dxc5
16.b3 Rd8 17.Qc2 Be6 18.Be3 Bf8 19.Nh2 Qc7 20.Ng4 Bxg4 21.hxg4 a5 22.g5 fxg5
23.Bxg5 Be7 24.Be3 Rab8 25.Qe2 c4 26.Bxb6 Rxb6 27.Qxc4+ Kg7 28.Rad1 Rf8 29.Qe6 c5
30.Qg4 Rd8 31.Rxd8  1-0

[Event "6th ch-PriFO Men"]
[Site "Kazan RUS"]
[Date "2008.01.24"]
[Round "2"]
[White "Hamidullin,A"]
[Black "Talov,N"]
[Result "1-0"]
[WhiteElo "2277"]
[BlackElo "1973"]

1.e4 c5 2.Nf3 Nc6 3.Bb5 d6 4.O-O Bd7 5.Re1 Nf6 6.c3 g6 7.d4 cxd4 8.cxd4 Bg7
9.Nc3 a6 10.Bc4 Bg4 11.Be3 O-O 12.h3 Bxf3 13.Qxf3 b5 14.e5 dxe5 15.Qxc6 bxc4
16.dxe5 Nd7 17.Bf4 Qc8 18.Nd5 Re8 19.Nc7 Ra7 20.e6 Nf6 21.exf7+ Kxf7 22.Qxc4+ e6
23.Nxe8  1-0

[Event "GMA2"]
[Site "Marianske Lazne CZE"]
[Date "2008.01.24"]
[Round "7"]
[White "Hedman,E"]
[Black "Sveshnikov,E"]
[Result "1/2-1/2"]
[WhiteElo "2396"]
[BlackElo "2506"]

1.e4 c5 2.Nf3 Nc6 3.Bb5 e6 4.Nc3 Nge7 5.O-O Ng6 6.d4 cxd4 7.Nxd4 Be7 8.Be3 O-O
9.f4 a6 10.Bxc6 bxc6 11.Qh5 c5 12.Nb3 f5 13.Rf3 fxe4 14.Rh3 Nh4 15.Nxe4 h6
16.Nexc5 d6 17.Nd4 dxc5 18.Nc6 Rf5 19.Qg4 Qc7 20.Nxe7+ Qxe7 21.Rxh4 Kh7 22.Re1 Qf6
23.c3 Rb8 24.Bc1 Bb7 25.Rh3  1/2-1/2

[Event "Winter Open"]
[Site "Belgrade SRB"]
[Date "2008.01.25"]
[Round "4"]
[White "Lukovic,V"]
[Black "Ristic,SB"]
[Result "1-0"]
[WhiteElo "1943"]
[BlackElo "2130"]

1.e4 c5 2.Nf3 Nc6 3.Bb5 d6 4.Bxc6+ bxc6 5.O-O e5 6.c3 Bg4 7.d3 Be7 8.Nbd2 Nf6
9.Qa4 Qc8 10.d4 cxd4 11.cxd4 exd4 12.Nxd4 Bd7 13.Qc2 O-O 14.b3 c5 15.N4f3 Bc6
16.Bb2 Nh5 17.Rfe1 Nf4 18.Nf1 Qe6 19.Qd2 Bf6 20.Qxf4 Bxb2 21.Rad1 Rfd8 22.Ng3 g6
23.h4 h5 24.Nf1 Be5 25.Qe3 a5 26.N1d2 Bb5 27.Nb1 Bf6 28.Na3 Ba6 29.g3 a4
30.bxa4 Qxa2 31.Rd2 Qe6 32.Rb1 c4 33.Nd4 Qg4 34.Kg2  1-0

[Event "6th ch-PriFO Men"]
[Site "Kazan RUS"]
[Date "2008.01.25"]
[Round "3"]
[White "Mokshanov,A"]
[Black "Tumakov,D"]
[Result "1/2-1/2"]
[WhiteElo "2135"]
[BlackElo "2312"]

1.e4 c5 2.Nf3 Nc6 3.Bb5 Nf6 4.Bxc6 dxc6 5.d3 Qc7 6.h3 e5 7.Nc3 Be6 8.O-O c4
9.Ng5 Rd8 10.Nxe6 fxe6 11.Bg5 cxd3 12.Bxf6 gxf6 13.cxd3 Bc5 14.Qc2 Rg8 15.Kh1 Bd4
16.Rad1 Kd7 17.Ne2 Qb6 18.Nxd4 Qxd4 19.Qb3 Qb6 20.Qxb6 axb6 21.d4 Kd6 22.dxe5+ Kxe5
23.f3 c5 24.Kg1 Rd4 25.Kf2 Rgd8 26.Ke3 f5 27.f4+ Kf6 28.e5+ Ke7 29.Rxd4 Rxd4
30.g4 b5 31.Rg1 Kf7 32.gxf5 exf5 33.Rg5 Ke6 34.Rh5 Re4+ 35.Kf3 Rb4 36.Rh6+ Kf7
37.Rxh7+ Kg6 38.Rxb7 Rxb2 39.Rc7 c4 40.a4 Rb3+ 41.Kg2 bxa4 42.Rxc4 a3 43.Ra4 Kh5
44.Ra6 Rb2+ 45.Kf3 a2 46.Ke3 Kh4 47.e6 Rb6 48.Rxa2 Rxe6+ 49.Kf3 Rb6 50.Ra5 Rb3+  1/2-1/2

[Event "6th ch-PriFO Men"]
[Site "Kazan RUS"]
[Date "2008.01.25"]
[Round "3"]
[White "Abdullin,R"]
[Black "Filipenko,A"]
[Result "1-0"]
[WhiteElo "2095"]
[BlackElo "2373"]

1.e4 c5 2.Nf3 Nc6 3.Bb5 d6 4.O-O Bd7 5.Re1 Nf6 6.c3 a6 7.Bf1 Bg4 8.d4 cxd4
9.cxd4 e5 10.d5 Nd4 11.Nbd2 Rc8 12.Bd3 Qc7 13.h3 Bxf3 14.Nxf3 Nc2 15.Bxc2 Qxc2
16.Bg5 Kd7 17.Bxf6 gxf6 18.Re2 Qxd1+ 19.Rxd1 Be7 20.Rdd2 Rc1+ 21.Re1 Rc4
22.Ree2 Rhc8 23.Kh2 Bd8 24.b3 Rc1 25.Nh4 R8c3 26.Nf5 Bb6 27.Nh6 Ke8 28.Ng4 Ke7
29.Nh6 Kf8 30.b4 Ke8 31.Ng4 Ke7 32.Nh6 Ke8 33.Ng4 Ke7 34.Nh6 Ke8 35.Ng4 Bd8
36.Ne3 Kd7 37.Rc2 Bb6 38.Rxc3 Rxc3 39.Ng4 Ke7 40.Nh6 Bd8 41.f3 b5 42.Kg3 Rc4
43.Rb2 Ke8 44.Kg4 Bb6 45.Kf5 Bd4 46.Rb3 Rc2 47.g4 Rxa2 48.Kxf6 a5 49.bxa5 Rxa5
50.Nxf7 Kd7 51.Ng5 h6 52.Ne6 Bc5 53.h4 b4 54.g5 hxg5 55.hxg5 Ra3 56.Rxa3 bxa3
57.g6 a2 58.g7 a1=Q 59.g8=Q Bb6 60.Qf7+ Kc8 61.Qf8+ Kb7 62.Qxd6  1-0

[Event "6th ch-PriFO Men"]
[Site "Kazan RUS"]
[Date "2008.01.26"]
[Round "4"]
[White "Tukhvatullin,G"]
[Black "Davydov,St"]
[Result "1-0"]
[WhiteElo "2110"]
[BlackElo "2195"]

1.e4 c5 2.Nf3 Nc6 3.Bb5 g6 4.O-O Bg7 5.Nc3 Nd4 6.a4 a6 7.Bc4 d6 8.d3 e6 9.Nxd4 cxd4
10.Ne2 Ne7 11.f4 O-O 12.Ng3 Bd7 13.a5 h5 14.Bd2 h4 15.Nh1 d5 16.Bb3 Bc6 17.Qe1 dxe4
18.dxe4 Nc8 19.Rf3 Nd6 20.Nf2 Re8 21.Rh3 Bf8 22.Ba4 Nc4 23.Bxc6 bxc6 24.e5 Rb8
25.Ne4 Be7 26.b3 Nxd2 27.Qxd2 Kg7 28.Ra4 c5 29.Qe1 Rh8 30.Nd2 Rb4 31.Rxb4 cxb4
32.Nc4 Qd5 33.Qe2 Bc5 34.Qd3 Rh5 35.Kf1 Ba7 36.Nd6 Qxa5 37.Ne8+ Kf8 38.Nf6 Rh8
39.g3 Ke7 40.Rxh4 Rxh4 41.gxh4 Qa1+ 42.Kg2 Qc3 43.Qe4 Qd2+ 44.Kg3 Qc3+ 45.Kg4 Qc8
46.h5 gxh5+ 47.Kxh5 a5 48.Kg4 Qa6 49.h4 d3 50.Qa8 Qb5 51.Qxa7+ Kf8 52.Qc7  1-0

[Event "6th ch-PriFO Men"]
[Site "Kazan RUS"]
[Date "2008.01.27"]
[Round "5"]
[White "Kalegin,E"]
[Black "Khismatullin,D"]
[Result "1-0"]
[WhiteElo "2480"]
[BlackElo "2564"]

1.e4 c5 2.Nf3 Nc6 3.Bb5 g6 4.Bxc6 bxc6 5.O-O Bg7 6.Re1 Nh6 7.c3 O-O 8.h3 f6
9.d4 cxd4 10.cxd4 Nf7 11.Nc3 d6 12.Be3 Rb8 13.b3 Qa5 14.Rc1 Re8 15.Qd2 Bd7
16.Ne2 Qa6 17.Ng3 Rb5 18.Rc2 Qb7 19.Ne2 f5 20.Nc3 fxe4 21.Nxe4 Bf5 22.Bf4 Qd7
23.Rcc1 h6 24.Nc3 Rb7 25.Nh4 Kh7 26.Nxf5 gxf5 27.Rcd1 Qc8 28.Be3 e5 29.dxe5 dxe5
30.Qc2 Qe6 31.Na4 Qg6 32.Nc5 Rbe7 33.Rd7 e4 34.Bf4 Be5 35.Qc1 Rg8 36.g3 Rxd7
37.Nxd7 Bxf4 38.Qxf4 Ng5 39.Kg2 Qf7 40.Qd6 Rc8 41.Rd1 e3 42.Ne5 Qg7 43.Qd7 Rc7
44.Qxf5+  1-0

[Event "6th ch-PriFO Men"]
[Site "Kazan RUS"]
[Date "2008.01.27"]
[Round "5"]
[White "Alavkin,A"]
[Black "Tumakov,D"]
[Result "1-0"]
[WhiteElo "2429"]
[BlackElo "2312"]

1.e4 c5 2.Nf3 Nc6 3.Bb5 Nd4 4.Nxd4 cxd4 5.c3 e5 6.cxd4 exd4 7.O-O a6 8.Bc4 Bc5
9.Bxf7+ Kxf7 10.Qh5+ g6 11.Qxc5 Ne7 12.Qxd4 d5 13.d3 Nc6 14.Qc5 d4 15.Bg5 Qf8
16.Qb6 h6 17.Bd2 Qd8 18.Qb3+ Kg7 19.Nc3 b5 20.Rac1 Qd6 21.Nd5 Be6 22.Bf4 Ne5
23.Qb4  1-0